banner-ar

الوعى الاسطورى الى بدايات التفكير الفلسفى النظرى (بلاد الرافدين تحديدا) / (Record no. 44217)

MARC details
000 -الفاتح
حقل البيانات ثابتة الطول 00550nam a2200181Ia 4500
008 - عناصر البيانات ثابتة الطول - معلومات عامة
حقل البيانات ثابتة الطول 140319s9999 xx 000 0 ara d
040 ## - مصدر الفهرسة
وكالة الفهرسة الأصلية GCL /
وكالة النسخ GCL
082 04 - رقم تصنيف ديوى العشرى
رقم التصنيف 181
رقم المادة ع و
100 1# - المدخل الرئيسى - إسم شخصى
الإسم الشخصى عبدالباسط سيد
245 10 - بيان العنوان
العنوان الوعى الاسطورى الى بدايات التفكير الفلسفى النظرى (بلاد الرافدين تحديدا) /
بيان المسئوليه,etc عبدالباسط سيد
300 ## - الوصف المادى
التعداد 341 ص
490 ## - بيان السلسلة
عنوان السلسلة
650 04 - المدخل الاضافى بالموضوع-مصطلح موضوعى
مصطلح موضوعي تاريخ
650 04 - المدخل الاضافى بالموضوع-مصطلح موضوعى
مصطلح موضوعي الفلسفة
650 04 - المدخل الاضافى بالموضوع-مصطلح موضوعى
مصطلح موضوعي نظريات
942 ## - عناصر المدخل الإضافي( كوها)
مصدر التصنيف او مخطط الترفيف Dewey Decimal Classification
Koha [default] item type كتاب
Holdings
حالة التراجع حالة الفقد حالة تلف ليس للاعارة المكان المؤقت الموقع الحالى تاريخ الاكتساب اجمالي اﻻعارات رقم الطلب الباركود تاريخ اخر مشاهدة تاريخ تفعيل السعر نوع وعاء كوها
        مكتبة القاهرة الكبرى مكتبة القاهرة الكبرى 03/26/2014   181\ع و 107428 03/26/2014 03/26/2014 كتاب
        مكتبة القاهرة الكبرى مكتبة القاهرة الكبرى 03/26/2014   181\ع و 107429 03/26/2014 03/26/2014 كتاب
        مكتبة القاهرة الكبرى مكتبة القاهرة الكبرى 03/26/2014   181\ع و 107430 03/26/2014 03/26/2014 كتاب

Powered By

EGPV